| 000 | 00718cam a22002052 4500 | ||
|---|---|---|---|
| 001 | 0000024999 | ||
| 005 | 20151217161558.0 | ||
| 008 | 140410s xx 000 0 eng d | ||
| 040 |
_aKABU _cKABU |
||
| 100 | 1 |
_aKariuki, George James. _@0000182790 |
|
| 245 | 1 | 3 |
_aAn Assessment of internet usage on small and medium enterprises (SMEs) in Nakuru Town constituency / _cGeorge James Kariuki. |
| 250 | _a1st ed. | ||
| 260 |
_aNakuru : _bKabarak University, _c2012. |
||
| 300 | _ax, 67 leaves. | ||
| 502 | _aThesis (MBA) - Kabarak University, 2012. | ||
| 650 | 0 |
_aSmall business enterprises _xManagement. _@0000182791 |
|
| 908 | _a140410 | ||
| 950 | _@1 | ||
| 999 |
_c15416 _d15416 |
||